• 首页
  • 本馆介绍
  • 公告通知
  • 最新文献
  • 馆藏检索
  • 电子资源
  • 读者导购
  • 参考咨询
  • 我的图书馆
  • 登录
  • 详细信息显示
  • 放入我的书架
  • 预约/预借图书
  • 作者相关作品
  • 分类相关作品
  • 丛书相关作品
  • 出版社相关作品

书目信息

  • 表格格式
  • 工作单格式
  • 卡片格式
题名:
契诃夫文集
    
 
作者: 契诃夫 著 ;汝龙 译
分册: 第一卷  
出版信息: 上海   上海译文出版社  1980.6
页数: 540
开本: 21cm
丛书名:
单 册:
中图分类: I512.11
科图分类:
主题词:
电子资源:
ISBN:
000 00531nam0 2200181 45
001 0181021732
005 20060913091313.26
010    @dCNY1.75
100    @a20810111d km y0chiy0120 ea
101 0  @achi
200 1  @Aqi he fu wen ji@a契诃夫文集@h第一卷@f(俄)契诃夫著@F(e)qi he fu zhu@g汝龙译@Gru long yi
210    @a上海@c上海译文出版社@d1980.6
215    @a540@c照片@d21cm
690    @aI512.11
701  0 @a契诃夫@Aqi he fu@4著
702  0 @a汝龙@Aru long@4译
801    @aCN@bTSTC@c20060913
905    @dI512.11@e146:1@f2@b230090-91
    
    契诃夫文集.第一卷/(俄)契诃夫著/汝龙译.-上海:上海译文出版社,1980.6
    540:照片;21cm
    
    
    ISBN :CNY1.75
    
●
相关链接 在E读中查询图书 在五车中查询图书 在当当中查询图书 在豆瓣中查询图书


正题名:契诃夫文集     索取号:I512.11/146:1         预约/预借

序号 登录号 条形码 馆藏地/架位号 状态 备注
1 0429252   204292522   密集书库/ [索取号:I512.11/146:1] 在馆    
2 0443343   204433434   密集书库/ [索取号:I512.11/146:1] 在馆    
3 0474198   204741985   密集书库/ [索取号:I512.11/146:1] 在馆    
唐山师范学院图书馆 欢迎您!
大连网信软件有限公司© 版权所有